000 00212nam a22000977a 4500
003 SGT
245 _aJournal of Pathology & Medicine
260 _bWiley Publisher
_c2014,2017
300 _a765,1040
942 _2ddc
_cBV
999 _c30244
_d30244